Biblioteca

Renovación diaria (Registro nro. 50383)

Detalles MARC
000 -LÍDER
Campo fijo de descripción fija 01201aab a2200205 i 4500
001 - NÚMERO DE CONTROL
Campo de control 768714001
003 - IDENTIFICADOR DEL NÚMERO DE CONTROL
Campo de control CO-MdFUSB
005 - FECHA Y HORA DE LA ULTIMA TRANSACCIÓN
control field 20250305105624.0
008 - ELEMENTOS DE LONGITUD FIJA -- INFORMACIÓN GENERAL
Campo fijo de descripción fija -- Información general 170812s1988 cr ||||| |||| 00| 0 spa d
040 ## - FUENTE DE CATALOGACIÓN
Agencia Catalogadora CO-MdFUSB
Idioma de catalogación spa
Agencia que realiza la transcripción CO-MdFUSB
Agencia que realiza la modificación CO-MdFUSB
041 ## - CÓDIGO DE IDIOMA
Código de idioma para texto/pista de sonido o título separado spa
100 1# - ASIENTO PRINCIPAL--NOMBRE PERSONAL
Nombre personal Palau, Luis
Término relacionador autor
245 10 - TÍTULO
Título Renovación diaria
Mención de responsabilidad / Luis Palau
300 ## - DESCRIPCIÓN FÍSICA
Extensión Volumen 1. Número 7 (1988), páginas 138-143
Dimensiones : 28 cm.
520 ## - NOTA DE RESUMEN, ETC.
Nota de sumario, etc. Luis Palau comparte su visión de la vida cristiana victoriosa, destacando que, más allá de la salvación, Dios quiere que vivamos con gozo y renovación diaria en Cristo. La verdadera renovación no proviene de cambios superficiales en nuestras circunstancias, sino de la obra de Cristo en nosotros. A través de las decisiones diarias de seguir la voluntad de Dios, aunque con dificultades, experimentamos la vida de Jesús fluyendo en nosotros. La clave es morir a nuestra propia voluntad para que Su vida se manifieste en nosotros, y al hacer esto, seremos usados para Su gloria.
650 #0 - ASIENTO SECUNDARIO DE MATERIA - TERMINO TEMÁTICO
Término temático o nombre geográfico como elemento de entrada Vida cristiana
9 (RLIN) 19
773 0# - ASIENTO DE ITEM FUENTE
Título Conquista Cristiana
Biblionumber 49446
Itemnumber 60346
Parte(s) relacionada(s) / Volumen., número. (mes año), páginas Volumen 1. Número 7 (1988), páginas 138-143
Enumeración y primera página Página 138
942 ## - TIPO DE MATERIAL (KOHA)
Tipo de Item KOHA Artículos de Revista
945 ## - INFORMACIÓN LOCAL DEL REGISTRO
Catalogador JTF-925

No hay ítems disponibles.

Biblioteca FUSBC | Teléfono: (57+4) 349 88 10 Ext. 141| WhatsApp (+57) 3005338115 
E-mail: biblioteca@unisbc.edu.co | Calle 76 87-14 Robledo Palenque, Medellín, Colombia

Con tecnología Koha